[Event "COL-ch"]
[Site "Cartagena"]
[Date "2023.06.08"]
[Round "1"]
[White "Martinez Llamas, Amaury A"]
[Black "Marquez Martelo, Alex Josue"]
[Result "1/2-1/2"]
[WhiteElo "1962"]
[BlackElo "1054"]
[PlyCount "85"]
[EventDate "2023.06.08"]
[EventType "swiss"]
[EventRounds "9"]
[EventCountry "COL"]
[SourceTitle "CBM 215 Extra"]
[Source "ChessBase"]
[SourceDate "2023.09.30"]
[SourceVersion "1"]
[SourceVersionDate "2023.09.30"]
[SourceQuality "1"]

1. e4 e5 2. Nf3 Nc6 3. Bc4 Bc5 4. d3 h6 5. Bxf7+ Kxf7 6. Nxe5+ Nxe5 7. Qh5+ Ng6 8. Qd5+ Ke8 9. Qxc5 N8e7 10. 0-0 d6 11. Qh5 Qd7 12. h3 Kd8 13. f4 c5 14. Nc3 Qe8 15. b4 cxb4 16. Qa5+ b6 17. Qxb4 Qd7 18. Nb5 d5 19. Bb2 Rg8 20. Nd6 Nc6 21. Qa3 d4 22. e5 Nh4 23. Qb3 Rf8 24. Nxc8 Rxc8 25. Ba3 Re8 26. Rae1 Ne7 27. Re4 Rc3 28. e6 Qc6 29. Bxe7+ Rxe7 30. Qb4 Rxc2 31. Qxd4+ Kc8 32. Rf2 Nf5 33. Rxc2 Nxd4 34. Rxc6+ Nxc6 35. f5 Kc7 36. g4 Kd6 37. Kg2 Kd5 38. Kf3 a5 39. a4 g6 40. Ke3 Nb4 41. Kf3 Nxd3 42. Ke3 Nc5 43. Rf4 1/2-1/2

[Event "COL-ch Seniors"]
[Site "Cartagena"]
[Date "2016.10.28"]
[Round "6"]
[White "Cespedes, Cesar Ivan"]
[Black "Martinez Llamas, Amaury A"]
[Result "0-1"]
[WhiteElo "2094"]
[BlackElo "1968"]
[PlyCount "76"]
[EventDate "2016.10.26"]
[EventType "swiss"]
[EventRounds "7"]
[EventCountry "COL"]
[SourceTitle "EXT 2018"]
[Source "ChessBase"]
[SourceDate "2017.10.13"]
[SourceVersion "1"]
[SourceVersionDate "2017.10.13"]
[SourceQuality "1"]

1. e4 c5 2. Nf3 d6 3. d4 cxd4 4. Nxd4 Nf6 5. f3 a6 6. c4 Qc7 7. Nc3 e6 8. Be3 Be7 9. Qd2 Nbd7 10. Rc1 0-0 11. Be2 b6 12. 0-0 Bb7 13. Rfd1 Rac8 14. Bf1 Qb8 15. Bf2 Bd8 16. Nc2 Bc7 17. g3 Rfd8 18. Ne3 Qa8 19. Bg2 Ne5 20. Qe2 Kh8 21. Rd2 b5 22. cxb5 Ba5 23. Rdc2 d5 24. exd5 Bxc3 25. Rxc3 Rxc3 26. bxc3 exd5 27. f4 Ng6 28. Nf5 axb5 29. Qxb5 Bc8 30. Ne3 Qxa2 31. Rd1 Ba6 32. Qb6 Re8 33. Nxd5 Ng4 34. Nc7 Rg8 35. Bd5 Bc4 36. h3 Qc2 37. Re1 Nxf2 38. Kg2 Nd3+ 0-1

[Event "COL-ch Seniors"]
[Site "Cartagena"]
[Date "2016.10.28"]
[Round "5"]
[White "Hoyos Campuzano, Efrain"]
[Black "Martinez Llamas, Amaury A"]
[Result "0-1"]
[WhiteElo "1820"]
[BlackElo "1968"]
[PlyCount "71"]
[EventDate "2016.10.26"]
[EventType "swiss"]
[EventRounds "7"]
[EventCountry "COL"]
[SourceTitle "EXT 2018"]
[Source "ChessBase"]
[SourceDate "2017.10.13"]
[SourceVersion "1"]
[SourceVersionDate "2017.10.13"]
[SourceQuality "1"]

1. e4 e6 2. d4 d5 3. Nc3 Bb4 4. Bd3 dxe4 5. Bxe4 c6 6. Nge2 Nf6 7. Bd3 Nbd7 8. a3 Bd6 9. Bg5 Qc7 10. Qd2 h6 11. Bh4 e5 12. dxe5 Nxe5 13. Bxf6 Nxd3+ 14. Qxd3 gxf6 15. 0-0-0 Be7 16. Rhe1 Be6 17. Nd4 0-0-0 18. Qe4 Rxd4 19. Qxd4 Kb8 20. g3 Rg8 21. Ne4 c5 22. Qd2 Bg4 23. Nc3 Bd8 24. Nb5 Qc8 25. f3 Be6 26. Kb1 a6 27. Nc3 Ba5 28. Qf4+ Ka7 29. Re3 f5 30. Qa4 Bd8 31. Rdd3 Bg5 32. f4 Bf6 33. Nd5 Bd8 34. c4 Rxg3 35. Qb3 Rg8 36. h4 0-1

[Event "COL pre olympic sf2"]
[Site "Cartagena"]
[Date "2016.05.04"]
[Round "1"]
[White "Martinez Llamas, Amaury A"]
[Black "Rivera, Ingris"]
[Result "1-0"]
[WhiteElo "1869"]
[BlackElo "2227"]
[PlyCount "63"]
[EventDate "2016.05.04"]
[EventType "swiss"]
[EventRounds "9"]
[EventCountry "COL"]
[SourceTitle "CBM 172 Extra"]
[Source "ChessBase"]
[SourceDate "2016.06.21"]
[SourceVersion "1"]
[SourceVersionDate "2016.06.21"]
[SourceQuality "1"]

1. d4 Nf6 2. c4 g6 3. Nc3 Bg7 4. e4 d6 5. Bd3 c5 6. d5 e6 7. Nge2 0-0 8. 0-0 a6 9. a4 b6 10. Bg5 Nbd7 11. f4 h6 12. Bh4 Qc7 13. dxe6 fxe6 14. e5 dxe5 15. Bxg6 Bb7 16. h3 Qc6 17. Rf2 exf4 18. Nxf4 Ne5 19. Qe2 Qd6 20. Rd1 Qb8 21. Bb1 Nf3+ 22. Rxf3 Bxf3 23. Qxf3 Nh5 24. Bh7+ Kxh7 25. Qe4+ Rf5 26. Nxh5 Bd4+ 27. Kh1 Kh8 28. g4 Rf7 29. Ne2 Qf8 30. Nxd4 cxd4 31. Qxd4+ Kh7 32. Nf6+ 1-0

[Event "World Amateur-ch"]
[Site "Chalkidiki"]
[Date "2015.04.17"]
[Round "5"]
[White "Manjunath, Jain"]
[Black "Martinez Llamas, Amaury A"]
[Result "1-0"]
[WhiteElo "1689"]
[BlackElo "1998"]
[PlyCount "93"]
[EventDate "2015.04.14"]
[EventType "team-swiss"]
[EventRounds "9"]
[EventCountry "GRE"]
[SourceTitle "CBM 166 Extra"]
[Source "ChessBase"]
[SourceDate "2015.06.18"]
[SourceVersion "1"]
[SourceVersionDate "2015.06.18"]
[SourceQuality "1"]

1. Nf3 Nf6 2. c4 c5 3. g3 b6 4. Bg2 Bb7 5. 0-0 g6 6. Nc3 Bg7 7. e3 0-0 8. d4 d6 9. Qe2 Nbd7 10. Rd1 Qc7 11. d5 Rad8 12. e4 Ne8 13. Bg5 f6 14. Be3 Bc8 15. Qd2 Ne5 16. Nxe5 dxe5 17. Bh6 Nd6 18. Bxg7 Kxg7 19. b3 Bd7 20. a4 a6 21. Ra2 Rf7 22. Rda1 Rdf8 23. a5 b5 24. cxb5 Bxb5 25. Nxb5 Nxb5 26. Qd3 Rb8 27. Rc1 Rff8 28. Qc4 Qb7 29. b4 cxb4 30. Qxb4 Qa7 31. Bh3 Nd4 32. Qc5 Qxc5 33. Rxc5 Rb1+ 34. Kg2 Re1 35. Bc8 Rxe4 36. Bxa6 f5 37. Bb7 f4 38. d6 Re1 39. dxe7 Re8 40. a6 Rxe7 41. a7 Rxb7 42. a8Q f3+ 43. Kh3 Rb3 44. Ra7+ Kh6 45. Qf8+ Kg5 46. Rxe5+ Nf5 47. Qe7+ 1-0

[Event "Pan American Amateur-ch"]
[Site "San Andres Islas"]
[Date "2014.08.28"]
[Round "4"]
[White "Toro Henao, Juan Sebastian"]
[Black "Martinez Llamas, Amaury A"]
[Result "1/2-1/2"]
[WhiteElo "1777"]
[BlackElo "1956"]
[PlyCount "91"]
[EventDate "2014.08.26"]
[EventType "swiss"]
[EventRounds "9"]
[EventCountry "COL"]
[SourceTitle "EXT 2016"]
[Source "ChessBase"]
[SourceDate "2015.10.08"]
[SourceVersion "1"]
[SourceVersionDate "2015.10.08"]
[SourceQuality "1"]

1. d4 d5 2. c4 c6 3. Nc3 Nf6 4. Nf3 e6 5. Bg5 Be7 6. e3 0-0 7. c5 Nbd7 8. b4 Re8 9. Bd3 Qc7 10. Bf4 Qd8 11. Qc2 h6 12. h3 Nf8 13. 0-0 N6h7 14. b5 Bf6 15. Rab1 Ng5 16. Bxg5 hxg5 17. bxc6 bxc6 18. Ne2 Qc7 19. Rb3 g6 20. Rfb1 Kg7 21. Qb2 Nd7 22. Qa3 Rh8 23. Ba6 e5 24. Bxc8 Qxc8 25. dxe5 Nxe5 26. Nxe5 Bxe5 27. Nd4 g4 28. hxg4 Qxg4 29. Nf3 Bf6 30. Qb4 Qh5 31. Kf1 Qh1+ 32. Ke2 Qxg2 33. Qf4 Rh5 34. Rb7 Re8 35. Rxa7 Re4 36. Qg3 Qxg3 37. fxg3 d4 38. Rbb7 Rxe3+ 39. Kf2 Rf5 40. Rxf7+ Kg8 41. Rfc7 Rfxf3+ 42. Kg2 Rxg3+ 43. Kh2 Rh3+ 44. Kg2 Reg3+ 45. Kf2 Rf3+ 46. Kg2 1/2-1/2

[Event "Pan American Amateur-ch"]
[Site "San Andres Islas"]
[Date "2014.08.27"]
[Round "2"]
[White "De la Ossa, Carlos Enrique"]
[Black "Martinez Llamas, Amaury A"]
[Result "1/2-1/2"]
[WhiteElo "1853"]
[BlackElo "1956"]
[PlyCount "124"]
[EventDate "2014.08.26"]
[EventType "swiss"]
[EventRounds "9"]
[EventCountry "COL"]
[SourceTitle "EXT 2016"]
[Source "ChessBase"]
[SourceDate "2015.10.08"]
[SourceVersion "1"]
[SourceVersionDate "2015.10.08"]
[SourceQuality "1"]

1. e4 e6 2. d4 d5 3. Nc3 Bb4 4. Nge2 dxe4 5. a3 Be7 6. Nxe4 Nf6 7. N2c3 0-0 8. Be3 Nxe4 9. Nxe4 f5 10. Nc3 f4 11. Bd2 Qxd4 12. Bd3 Qe5+ 13. Be4 Bd7 14. Qe2 Nc6 15. 0-0-0 Bf6 16. Qd3 Rad8 17. Bxh7+ Kf7 18. Rhe1 Qh5 19. Be4 Ne5 20. Qe2 Qxe2 21. Rxe2 g5 22. Bxb7 Nc4 23. Be1 Nd6 24. Bf3 Rh8 25. h3 Rh6 26. Ne4 Nxe4 27. Bxe4 Bb5 28. Rxd8 Bxd8 29. Rd2 Be7 30. c4 Be8 31. Rc2 Ba4 32. Rc3 Rh8 33. Rd3 Rd8 34. Rxd8 Bxd8 35. Kd2 Bf6 36. Kc1 Bb3 37. Bd3 Bd4 38. f3 Ke7 39. Bb4+ c5 40. Ba5 Kd7 41. Kb1 Bf6 42. Bd2 Be5 43. Kc1 Kc6 44. Ba5 Kd7 45. Be1 Kd6 46. h4 gxh4 47. Bxh4 Bd4 48. Kb1 Bg7 49. Kc1 Bd4 50. Bg5 Be5 51. Bh6 Kc7 52. Bf8 Bd4 53. Kb1 e5 54. Bh6 Kd6 55. Bg5 Kc7 56. a4 Bxa4 57. Bc2 Bd7 58. b3 Be6 59. Be4 a5 60. Bd3 Kb7 61. Kc2 Ka6 62. Bd8 Bd7 1/2-1/2

[Event "Pan American Amateur-ch"]
[Site "San Andres Islas"]
[Date "2014.08.27"]
[Round "3"]
[White "Martinez Llamas, Amaury A"]
[Black "Carrillo, Jose Antonio"]
[Result "1-0"]
[WhiteElo "1956"]
[BlackElo "1825"]
[PlyCount "65"]
[EventDate "2014.08.26"]
[EventType "swiss"]
[EventRounds "9"]
[EventCountry "COL"]
[SourceTitle "EXT 2016"]
[Source "ChessBase"]
[SourceDate "2015.10.08"]
[SourceVersion "1"]
[SourceVersionDate "2015.10.08"]
[SourceQuality "1"]

1. d4 Nf6 2. c4 c5 3. e3 g6 4. Nc3 Bg7 5. Nf3 0-0 6. Be2 cxd4 7. exd4 d5 8. 0-0 Nc6 9. Bf4 Nh5 10. Be3 Nf6 11. h3 Re8 12. Rc1 dxc4 13. Bxc4 Na5 14. Bb5 Bd7 15. Ne5 a6 16. Be2 Be6 17. b3 Nd5 18. Nxd5 Bxd5 19. f4 e6 20. Bf3 Bxe5 21. fxe5 Nc6 22. Qd2 Qd7 23. Rcd1 Ne7 24. Be2 Rac8 25. Bg5 f5 26. exf6 Nf5 27. Bf4 Kf7 28. Be5 Rc6 29. g4 Rg8 30. gxf5 gxf5+ 31. Kf2 Rg2+ 32. Ke1 Be4 33. Bh5+ 1-0

[Event "Pan American Amateur-ch"]
[Site "San Andres Islas"]
[Date "2014.08.26"]
[Round "1"]
[White "Martinez Llamas, Amaury A"]
[Black "Zapata, Olga Maria"]
[Result "1-0"]
[WhiteElo "1956"]
[BlackElo "1740"]
[PlyCount "77"]
[EventDate "2014.08.26"]
[EventType "swiss"]
[EventRounds "9"]
[EventCountry "COL"]
[SourceTitle "EXT 2016"]
[Source "ChessBase"]
[SourceDate "2015.10.08"]
[SourceVersion "1"]
[SourceVersionDate "2015.10.08"]
[SourceQuality "1"]

1. d4 d5 2. Nf3 Bf5 3. c4 c6 4. Nc3 e6 5. cxd5 exd5 6. Qb3 Qc7 7. g3 Bd6 8. Bg2 Nf6 9. Bg5 Nbd7 10. Rc1 h6 11. Bxf6 Nxf6 12. 0-0 Qb6 13. Qxb6 axb6 14. Nd2 0-0 15. f3 Bb4 16. e4 Bxc3 17. Rxc3 Be6 18. a3 g6 19. e5 Nh5 20. f4 Ng7 21. h3 f6 22. g4 fxe5 23. dxe5 Rf7 24. Kh2 Raf8 25. Kg3 h5 26. Rcf3 Ra8 27. R1f2 Ra4 28. Bf1 Kh7 29. Bd3 Kh6 30. Bc2 Ra8 31. f5 hxg4 32. hxg4 gxf5 33. gxf5 Nh5+ 34. Kh4 Bc8 35. e6 Rf6 36. Rg2 Bxe6 37. fxe6 Rxe6 38. Rg5 Ng7 39. Kg4 1-0

[Event "COL-ch Amateur"]
[Site "Colombia"]
[Date "2014.03.14"]
[Round "6"]
[White "Penas Burgos, Nestor"]
[Black "Martinez Llamas, Amaury A"]
[Result "1-0"]
[WhiteElo "1763"]
[BlackElo "1901"]
[PlyCount "75"]
[EventDate "2014.03.12"]
[EventType "swiss"]
[EventRounds "9"]
[EventCountry "COL"]
[SourceTitle "CBM 159 Extra"]
[Source "ChessBase"]
[SourceDate "2014.04.24"]
[SourceVersion "1"]
[SourceVersionDate "2014.04.24"]
[SourceQuality "1"]

1. e4 e6 2. d4 d5 3. Nc3 Bb4 4. e5 c5 5. a3 Bxc3+ 6. bxc3 Qc7 7. Nf3 Nc6 8. Be2 f6 9. Bf4 f5 10. 0-0 h6 11. Nh4 g5 12. Bh5+ Kd8 13. Ng6 Rh7 14. Be3 c4 15. f4 Nce7 16. Nf8 Rg7 17. Rb1 Bd7 18. Rb5 Qc6 19. Rc5 Qa6 20. Qd2 b6 21. fxg5 hxg5 22. Bxg5 bxc5 23. Bf6 Nxf6 24. exf6 Rg8 25. fxe7+ Kxe7 26. Ng6+ Rxg6 27. Bxg6 Qxa3 28. Qg5+ Kd6 29. Qf6 cxd4 30. cxd4 Qe3+ 31. Kh1 Qe2 32. Rxf5 Rg8 33. h4 Rxg6 34. Qxg6 Qe1+ 35. Kh2 Qxh4+ 36. Kg1 Qxd4+ 37. Rf2 a5 38. Qh6 1-0

[Event "COL-ch sf"]
[Site "Medellin"]
[Date "2014.??.??"]
[Round "3"]
[White "Martinez Llamas, Amaury A"]
[Black "Agudelo, Carlos Hernan"]
[Result "1/2-1/2"]
[WhiteElo "1853"]
[BlackElo "2058"]
[PlyCount "62"]
[EventDate "2014.04.15"]
[EventType "swiss"]
[EventRounds "11"]
[EventCountry "COL"]
[SourceTitle "CBM 160 Extra"]
[Source "ChessBase"]
[SourceDate "2014.07.01"]
[SourceVersion "1"]
[SourceVersionDate "2014.07.01"]
[SourceQuality "1"]

1. e4 c5 2. Nf3 e6 3. c3 d5 4. e5 Qd7 5. d4 b6 6. a3 Ba6 7. Bxa6 Nxa6 8. Qe2 Nc7 9. 0-0 c4 10. Ng5 h6 11. Nh3 0-0-0 12. Nd2 b5 13. b3 Ne7 14. a4 a6 15. axb5 axb5 16. bxc4 bxc4 17. Ba3 Nc6 18. Rfb1 Bxa3 19. Rxa3 Qe7 20. Ra4 Kd7 21. f4 g6 22. Nf2 Rb8 23. Ng4 Rxb1+ 24. Nxb1 Rb8 25. Nf6+ Kc8 26. Qa2 Ne8 27. Nxe8 Qxe8 28. Ra8 Qe7 29. Qa6+ Qb7 30. Qxb7+ Kxb7 31. Rxb8+ Nxb8 1/2-1/2

[Event "Bolivar Province-ch qual"]
[Site "Cartagena"]
[Date "2013.05.21"]
[Round "4"]
[White "Gomez Guardo, Cristian"]
[Black "Martinez Llamas, Amaury A"]
[Result "1-0"]
[WhiteElo "1806"]
[BlackElo "1946"]
[PlyCount "79"]
[EventDate "2013.05.16"]
[EventType "swiss"]
[EventRounds "7"]
[EventCountry "COL"]
[SourceTitle "EXT 2014"]
[Source "ChessBase"]
[SourceDate "2013.11.20"]
[SourceVersion "1"]
[SourceVersionDate "2013.11.20"]
[SourceQuality "1"]

1. c4 b5 2. e3 bxc4 3. Bxc4 e6 4. Nf3 Nf6 5. d4 d5 6. Bd3 Bd6 7. Nc3 0-0 8. 0-0 Ba6 9. b3 Bxd3 10. Qxd3 Nbd7 11. Bb2 a6 12. Rfd1 Nh5 13. g4 Nhf6 14. h3 Ne8 15. e4 c6 16. e5 Be7 17. Qe3 Nc7 18. Ne2 f6 19. Rac1 fxe5 20. Nxe5 Nxe5 21. dxe5 Bh4 22. f4 g5 23. Rxc6 gxf4 24. Nxf4 Bg5 25. Rf1 Qd7 26. Qb6 Bxf4 27. Qxc7 Be3+ 28. Kg2 Qxc7 29. Rxc7 Rxf1 30. Kxf1 Rf8+ 31. Ke2 Rf2+ 32. Kxe3 Rxb2 33. Rc6 Rxa2 34. Rxe6 Rb2 35. Rxa6 Rxb3+ 36. Kd4 Rxh3 37. Kxd5 h5 38. e6 hxg4 39. Ra8+ Kg7 40. e7 1-0

[Event "La Candelaria Cup"]
[Site "Complejo de Raquetas"]
[Date "2013.02.03"]
[Round "7"]
[White "Andrade Truyol, Geiner Jose"]
[Black "Martinez Llamas, Amaury A"]
[Result "0-1"]
[WhiteElo "2045"]
[BlackElo "1876"]
[PlyCount "78"]
[EventDate "2013.01.30"]
[EventType "swiss"]
[EventRounds "7"]
[EventCountry "COL"]
[SourceTitle "CBM 152 Extra"]
[Source "ChessBase"]
[SourceDate "2013.02.25"]
[SourceVersion "1"]
[SourceVersionDate "2013.02.25"]
[SourceQuality "1"]

1. d4 Nf6 2. Nf3 g6 3. Bg5 Bg7 4. Nbd2 d5 5. e3 h6 6. Bh4 Bf5 7. Be2 Nc6 8. 0-0 Qd7 9. c4 g5 10. Bg3 e6 11. Ne5 Nxe5 12. Bxe5 Rg8 13. Rc1 c6 14. b4 a6 15. Qb3 Ne4 16. Nxe4 Bxe4 17. Bg3 dxc4 18. Bxc4 h5 19. f3 Bd5 20. Bf2 Bf8 21. e4 Bxc4 22. Qxc4 g4 23. f4 Bh6 24. Be3 Rg6 25. Rcd1 Rc8 26. Bc1 Rf6 27. f5 Bxc1 28. Qxc1 exf5 29. d5 cxd5 30. Qb2 d4 31. Rxd4 Rc2 32. Qa1 Rxa2 33. Qd1 Qc6 34. Rd8+ Ke7 35. Re1 Qb6+ 36. Kh1 Re6 37. Qd7+ Kf6 38. Rf8 Rf2 39. Qxf7+ Kg5 0-1

[Event "Pan American-ch"]
[Site "Cartagena"]
[Date "2012.07.05"]
[Round "3"]
[White "Rosado Perez, Maria Jose"]
[Black "Martinez Llamas, Amaury A"]
[Result "0-1"]
[WhiteElo "1902"]
[BlackElo "1800"]
[PlyCount "36"]
[EventDate "2012.07.04"]
[EventType "swiss"]
[EventRounds "9"]
[EventCountry "COL"]
[SourceTitle "CBM 149 Extra"]
[Source "ChessBase"]
[SourceDate "2012.08.24"]
[SourceVersion "1"]
[SourceVersionDate "2012.08.24"]
[SourceQuality "1"]

1. e4 e5 2. Nf3 Nc6 3. d4 exd4 4. Nxd4 Bc5 5. Nb3 Bb6 6. Nc3 d6 7. Nd5 Be6 8. Bb5 Nge7 9. Bg5 f6 10. Qh5+ Bf7 11. Qh3 fxg5 12. Qc3 0-0 13. Nxb6 axb6 14. 0-0-0 Rxa2 15. Rhe1 Na5 16. Kb1 Nxb3 17. Kxa2 Qa8+ 18. Kb1 Qa1# 0-1

[Event "Cartagena IRT op 4th"]
[Site "Cartagena"]
[Date "2012.06.15"]
[Round "2"]
[White "Posada Zuluaga, Juan Manuel"]
[Black "Martinez Llamas, Amaury A"]
[Result "1/2-1/2"]
[WhiteElo "2012"]
[BlackElo "1804"]
[PlyCount "112"]
[EventDate "2012.06.14"]
[EventType "swiss"]
[EventRounds "9"]
[EventCountry "COL"]
[SourceTitle "CBM 148 Extra"]
[Source "ChessBase"]
[SourceDate "2012.06.22"]
[SourceVersion "1"]
[SourceVersionDate "2012.06.22"]
[SourceQuality "1"]

1. e4 e6 2. d4 d5 3. exd5 exd5 4. Qf3 Bd6 5. Bd3 Ne7 6. Ne2 Nbc6 7. c3 Be6 8. Bf4 Ng6 9. Bxd6 Qxd6 10. 0-0 0-0-0 11. b4 h5 12. h3 Rh6 13. Qg3 Qd7 14. Nd2 Nce7 15. Nb3 Nf5 16. Qh2 Ngh4 17. Nd2 g5 18. g3 Ng6 19. Rae1 Nd6 20. Kg2 f5 21. f4 gxf4 22. Nxf4 Nxf4+ 23. Rxf4 h4 24. Re3 Rg8 25. Kf2 Ne4+ 26. Bxe4 hxg3+ 27. Rxg3 Rxg3 28. Qxg3 dxe4 29. Nxe4 Qd5 30. Nd2 Qxa2 31. Qe3 Rxh3 32. Qe1 Rh2+ 33. Ke3 Qc2 34. Nf3 Rg2 35. Ne5 Bd5 36. Rh4 b6 37. Rf4 Kb7 38. Rh4 Be4 39. Rf4 Qb2 40. Rh4 Rc2 41. c4 Rc3+ 42. Kf4 Rc1 43. Qe3 Rf1+ 44. Kg5 Qg2+ 45. Kf6 Rg1 46. Rh7 f4 47. Qh3 Bxh7 48. Qxh7 Rh1 49. Qf5 Rh6+ 50. Kf7 Rh8 51. Qxf4 Qg8+ 52. Kf6 Qd8+ 53. Kg7 Rg8+ 54. Kh7 Rh8+ 55. Kg7 Rg8+ 56. Kh7 Rh8+ 1/2-1/2

[Event "Cartagena op"]
[Site "Cartagena"]
[Date "2012.01.10"]
[Round "1"]
[White "Martinez Llamas, Amaury A"]
[Black "Jaimes Velasquez, Simon Andres"]
[Result "1-0"]
[WhiteElo "1804"]
[BlackElo "1465"]
[PlyCount "51"]
[EventDate "2012.01.10"]
[EventType "swiss"]
[EventRounds "7"]
[EventCountry "COL"]
[SourceTitle "EXT 2013"]
[Source "ChessBase"]
[SourceDate "2012.11.22"]
[SourceVersion "1"]
[SourceVersionDate "2012.11.22"]
[SourceQuality "1"]

1. e4 e5 2. Nf3 Nc6 3. Bc4 Bc5 4. d3 Nf6 5. Bg5 0-0 6. Nc3 h6 7. Bh4 Nd4 8. Nd5 d6 9. Nxf6+ gxf6 10. Nxd4 Bxd4 11. c3 Bb6 12. Qf3 Kh7 13. Bxf6 Qd7 14. h3 Rg8 15. g4 Rg6 16. Bh4 Bc5 17. Bxf7 Rg7 18. Bb3 Qe8 19. 0-0-0 Bd7 20. Rdg1 a5 21. g5 Be6 22. gxh6 Rf7 23. Qg3 Bxf2 24. Qg6+ Kh8 25. Bf6+ Rxf6 26. Qg7# 1-0